000 00707nam a2200217Ia 4500
003 IN-BaIIA
008 211028s9999 xx 000 0 eng d
020 _a3-540-40750-2
040 _cIIA Library
080 _a521.1
_bBEU-2
100 _aBeutler, Gerhard
_929150
245 0 _aMethods of celestial mechanics
_bvol. 2, physical, mathematical and numerical principles
_cGerhard Beutler
260 _aBerlin
_bSpringer
_c2005
300 _axvi, 448p.
490 _aAstronomy and astrophysics library
650 _aCelestial mechanics
650 _aGeodynamics
_93578
650 _aPlanetary syetem
_929151
650 _aSatellite geodesy
_929152
942 _cBK
999 _c15823
_d15823